000 00393nam a22001697a 4500
005 20160615144003.0
008 160615b xxu||||| |||| 00| 0 eng d
020 _a978-0-00-730743-2
041 _aeng
082 _b7785
100 _aAriely, Dan
_91999
245 _aPradictably Irrational
260 _bHaper-Colles Publisher
300 _a247
650 _aManagement
_9241
942 _cBK
999 _c2794
_d2793